Statistics for Harry Potter Gryffindors

Click here to take the quiz!

General Stats

  • This quiz has been taken 47 times
    (44 since last reset)
  • The average score is 28 of 51

Answer Stats

HintAnswer% Correct
Head Boy, Chaser on the Gryffindor Quidditch team, Leader of the Marauders under the alias "Prongs", and Animagus in the form of a white stagJames Potter
87%
Only female member of the Weasley family to attend Hogwarts in centuries, Chaser and temporary Seeker on the Gryffindor Quidditch team, physical host used by Tom Riddle's Diary for the reopening of the Chamber of Secrets in her first year, Muscle of Dumbledore's Army in her fourth year, member of the Slug Club in her fifth year, and Acting Deputy Leader of Dumbledore's Army in her sixth year. Eventually married Harry Potter and became Chaser for the Holyhead Harpies from 1999 to 2004, Senior Quidditch Correspondent for the Daily Prophet from 2004 to 2018 and Sports Editor for the Prophet from 2018 onward.Ginny Weasley
82%
Youngest Seeker on the Gryffindor Quidditch team, Leader of Dumbledore's Army in his fifth year, and member of the Slug Club in his sixth year. Did not attend final year, defeated Lord Voldemort in the Battle of Hogwarts and was the Master of Death. Eventually married Ginny WeasleyHarry Potter
82%
Head Girl, member of the Slug Club in her sixth year, and Winner of the Medal for Magical Merit in her seventh year. Eventually married James Potter and became a member of the Order of the Phoenix from 1978 to 1981Lily Potter
82%
Prefect and Head Boy, and Winner of the Medal for Magical Merit in his seventh year. Eventually married Fleur Delacour and became Curse-Breaker for Gringotts Bank from 1989 onward, and member of the Order of the Phoenix throughout the Second Wizarding War.Bill Weasley
79%
Prefect, Honorary Care of Magical Creatures participant, and Seeker and Captain of the Gryffindor Quidditch team. Eventually became a Dragonologist at a dragon sanctuary in Romania.Charlie Weasley
79%
Beater on the Gryffindor Quidditch team and a member of Dumbledore's Army. Eventually left before the end of his final year and become co-founder with George of Weasley's Wizard Wheezes. Was killed by an explosion in the Battle of Hogwarts.Fred Weasley
79%
Beater on the Gryffindor Quidditch team and a member of Dumbledore's Army. Eventually left before the end of his final year and become co-founder with Fred of Weasley's Wizard Wheezes. After Fred was killed by an explosion in the Battle of Hogwarts, he married Angelina Johnson and ran the shop on his own for a while but was later supported in the running of the shop by his brother Ron Weasley.George Weasley
79%
Prefect, Founder of the Society for the Promotion of Elfish Welfare in her fourth year, Deputy Leader of Dumbledore's Army in her fifth year, and member of the Slug Club in her sixth year; did not attend final year and therefore had repeat it in order to get N.E.W.T.s[5]. Eventually married Ronald Weasley and became a Office for House-Elf Relocation employee in the Department for the Regulation and Control of Magical Creatures from 1999 to 2000, Deputy Head of the Department of Magical Law Enforcement from 2000 to 2019, and Minister for Magic from 2019 onward.Hermione Granger
79%
Member of Dumbledore's Army; died in the Battle of Hogwarts, Temporary girlfriend of won wonLavender Brown
79%
Honorary Herbology participant, Rookie of Dumbledore's Army in fifth year, Waiter at the Slug Club Christmas Party in his sixth year, and Acting Leader of Dumbledore's Army in his seventh year. Eventually married Hannah Abbott and became Herbology Professor of Hogwarts from some point in the 2010s onward.Neville Longbottom
79%
Prefect and Head Boy. Eventually married Audrey and became Junior Assistant to the Minister for Magic during the Second Wizarding War and Head of the Department of Magical Transportation from 1998 onward.Percy Weasley
79%
Less-than-average learner and hopeless duellist, Rookie of the Marauders under the alias "Wormtail", and Animagus in the form of a grey ratPeter Pettigrew
79%
Prefect, Brains of the Marauders under the alias "Moony", and first Werewolf to attend HogwartsRemus Lupin
79%
Prefect, Keeper on the Gryffindor Quidditch team, and Deputy Leader of Dumbledore's Army; did not attend final year. Eventually married Hermione Granger and became a professional Auror from 1998 to 2000, and co-manager of Weasley's Wizard Wheezes.Ron Weasley
79%
Only member of the House of Black to be sorted outside of Slytherin, Muscle of the Marauders under the alias "Padfoot", and Animagus in the form of a black dogSirius Black
79%
Chaser and Captain on the Gryffindor Quidditch team, and member of Dumbledore's Army. Eventually married George Weasley.Angelina Johnson
77%
Half-Giant expelled in his third year for Tom Riddle's first opening of the Chamber of Secrets. Eventually became Keeper of Keys and Grounds at Hogwarts from 1968 onward, and Care of Magical Creatures Professor of Hogwarts from 1993 onward.Rubeus Hagrid
77%
Member of Dumbledore's Army; died in what would have been his sixth year. Harry thought he was a bit annoying in his second year.Colin Creevey
74%
Animagus in the form of a silver tabby cat. Eventually became Head of Gryffindor House, Transfiguration Professor and Deputy Headmistress of Hogwarts from 1956 to 1998Minerva McGonagall
74%
Keeper and Captain of the Gryffindor Quidditch team and Winner of the Award for Effort. Eventually became Reverse Keeper for Puddlemere United.Oliver Wood
74%
Has a twin named PadmaParvati Patil
74%
Mother is a wizard, Father is a muggle. Has a knack for pyromaniacs.Seamus Finnigan
74%
Transfiguration Professor of Hogwarts from the 1910s to 1965, Winner of the Order of Merlin (First Class) for his duel with Gellert Grindelwald in 1945, Headmaster of Hogwarts from 1965 to 1997, Chief Warlock of the Wizengamot from 1978 to 1995, Supreme Mugwump of the International Confederation of Wizards from 1983 to 1997, and founder of the Order of the Phoenix. Killed on his own orders by Severus Snape in the Battle of the Astronomy Tower.Albus Dumbledore
72%
Commentator of the Hogwarts Quidditch games and member of Dumbledore's Army. Eventually became the host of Potterwatch.Lee Jordan
72%
Chaser on the Gryffindor Quidditch team and member of Dumbledore's Army. Initials A-SAlicia Spinnet
69%
Head of the Misuse of Muggle Artefacts Office from 1970 to 1996. Member of the Order of the Phoenix throughout the Second Wizarding War.Arthur Weasley
69%
Temporary Keeper on the Gryffindor Quidditch team and member of the Slug Club. Had to repeat his final year.Cormac McLaggen
67%
Eventually married Arthur Weasley and became a member of the Order of the Phoenix throughout the Second Wizarding War.Molly Prewett
67%
Once tried to give Harry a love potion.Romilda Vane
67%
Chaser on the Gryffindor Quidditch team and member of Dumbledore's Army.Katie bell
64%
Sworn Knight of the Round Table in King Arthur's royal court, known for his defeat of the Wyvern of Wye. Now has a portrait on the seventh floor landing of the Divination corridor, which for a while guarded Gryffindor Tower from November 1993 to February 1994.Sir Cadogan
62%
A popular singer who later became known as the "Singing Sorceress".Celestina Warbeck
56%
Temporary Chaser for the Gryffindor Quidditch team and member of Dumbledore's Army. Did not attend final year.Dean Thomas
56%
Skilful duellist in his year with dexterity attributed in fights over the teasing his first name received. Eventually married Euphemia and became Potioneer inventor of Sleekeazy's Hair Potion in 1926, father of James Potter and grandfather of the famous Harry Potter. Died of Dragon Pox in 1979.Fleamont Potter
44%
Student known for having bad acne and an off-centre nose.Eloise Midgen
41%
Knight and courtier in Henry VII's royal court, who was improperly beheaded for a magical attempt to straighten a lady-in-waiting's crooked teeth which instead made her grow a tusk. Later became the house ghost.Nicholas de Mimsy-Porpington
41%
Was once victim of a curse used on her by Mulciber in her school years.Mary Macdonald
21%
gifted student, later became Head Curse Breaker at Gringotts Wizarding Bank and Defence Against the Dark Arts Professor at Hogwarts from 1988 - 1989Patricia Rakepick
18%
Captain of the Gryffindor Quidditch team from 1688 - 1692.Astrix Alixan
13%
Captain Quidditch Team 1692-1696Angelina Appleby
10%
Captain Quidditch Team 1700-1710Betty Bickering
10%
Captain Quidditch Team 1700-1704Concepta Battista
10%
Captain Quidditch Team 1690'sFilemina Alchin
10%
Captain Quidditch Team 1710'sHugh Biggs
10%
Captain Quidditch Team 1720'sJason Charmer
10%
Captain Quidditch Team 1710-1720'sMike Boon
10%
Captain Quidditch Team 1696-1700Oona Ballington
10%
Captain Quidditch Team 1960'sRichard Carter
10%
Captain Quidditch Team 1720'sSophia Prickett
10%
Fred once put Bulbadox powder in his pyjamas.Kenneth Towler
8%

Score Distribution

Percentile by Number Answered

Percent of People with Each Score

Your Score History

You have not taken this quiz since the last reset